Catálogo

Vista normal Vista MARC

Entrada Personal Name

Número de registros utilizados en: 1

001 - CONTROL NUMBER

  • control field: 15187

003 - CONTROL NUMBER IDENTIFIER

  • control field: DLC

005 - DATE AND TIME OF LATEST TRANSACTION

  • control field: 20231127163004.0

008 - FIXED-LENGTH DATA ELEMENTS

  • fixed length control field: 060512n| acannaabn |a aaa

010 ## - LIBRARY OF CONGRESS CONTROL NUMBER

  • LC control number: nb2006011220

035 ## - SYSTEM CONTROL NUMBER

  • System control number: (Uk)006480590

040 ## - CATALOGING SOURCE

  • Original cataloging agency: Uk
  • Language of cataloging: spa
  • Transcribing agency: Mx-PuUPA
  • Modifying agency: Mx-PuUPA
  • Description conventions: rda

046 ## - SPECIAL CODED DATES

  • Birth date: 1945-

100 1# - HEADING--PERSONAL NAME

  • Personal name: Middlemiss, N. L.,
  • Fuller form of name: (Norman Lea),
  • Dates associated with a name: 1945-

374 ## - OCCUPATION

  • Occupation: Autor

375 ## - GENDER

  • Gender: hombre

377 ## - ASSOCIATED LANGUAGE

  • Language code: eng

400 1# - SEE FROM TRACING--PERSONAL NAME

  • Personal name: Middlemiss, Norman L.
  • Fuller form of name: (Norman Lea),
  • Dates associated with a name: 1945-

670 ## - SOURCE DATA FOUND

  • Source citation: Furness-Houlder Lines, 1991:
  • Information found: t.p. (N. L. Middlemiss)

670 ## - SOURCE DATA FOUND

  • Source citation: BL auth. file, 12 May 2006
  • Information found: (hdg.: Middlemiss, N. L.(Norman Lea), 1945-, ref.: Middlemiss, Norman L.(Norman Lea), 1945-)